Geometric Sturmian Theory of Nonlinear: (Record no. 28893)

000 -LEADER
fixed length control field 00321 a2200109 4500
003 - CONTROL NUMBER IDENTIFIER
control field NUST
005 - DATE AND TIME OF LATEST TRANSACTION
control field 20180117152744.0
008 - FIXED-LENGTH DATA ELEMENTS--GENERAL INFORMATION
fixed length control field 180117b xxu||||| |||| 00| 0 eng d
040 ## - CATALOGING SOURCE
Transcribing agency NUST
082 ## - DEWEY DECIMAL CLASSIFICATION NUMBER
Classification number 515.3534
100 ## - MAIN ENTRY--PERSONAL NAME
Personal name Galaktionov, Victor A
9 (RLIN) 8570
245 ## - TITLE STATEMENT
Title Geometric Sturmian Theory of Nonlinear:
Remainder of title Parabolic Equations and Applciations /
Statement of responsibility, etc. Victor A Galaktionov
260 ## - PUBLICATION, DISTRIBUTION, ETC.
Date of publication, distribution, etc. 2004.
942 ## - ADDED ENTRY ELEMENTS (KOHA)
Institution code [OBSOLETE] SNS
Koha item type Book
Call number prefix 515.3534 GAL
Source of classification or shelving scheme
Holdings
Withdrawn status Lost status Damaged status Not for loan Permanent Location Current Location Date acquired Total Checkouts Full call number Barcode Date last seen Price effective from Koha item type
        School of Natural Sciences (SNS) School of Natural Sciences (SNS) 05/26/2016   515.3534 GAL SNS0000165 05/26/2016 05/26/2016 Book
© 2023 Central Library, National University of Sciences and Technology. All Rights Reserved.